000 01945cam a22004574i 4500
003 PE-LiUPU
005 20250731173107.0
008 150623s r 000 0 d
020 _a0334024706
035 _a(Sirsi) i9780334024705
040 _aPE-LiUPU
_bspa
_cPE-LiUPU
_erda
049 _aPRUA
082 0 4 _a269.09014
_bS21
_221
100 1 _aSanders, E. P.,
_eautor.
245 1 0 _aJudaism :
_bpractice and belief 63 BCE - 66 CE /
_cE. P. Sanders.
264 1 _aPhiladelphia :
_bTrinity Press International,
_c1994.
300 _a595 páginas ;
_c23 centímetros
336 _atext
_2rdacontent
337 _aunmediated
_2rdamedia
338 _avolume
_2rdacarrier
504 _aIncluye bibliografía.
505 0 _aThe issues that generated parties. Historical outline of the ROman period. The context of conflict. -Common judaism: Common judaism and the temple. The ordinary priests and the levites. Sacrifices. The common people. Tithes and taxes. The priest and lecites outside and annual festivals. Tithes and taxes. Observating the law of God. Common theology. Hopes for the future. -Groups and parties: Aristocrats and sadducees. The essenes and the dead sea sect. The pharisees. Who ran what.
526 _aSEG42
526 _aSEG41
526 _aSEG40
526 _aSEG39
526 _aP94
526 _aP87
526 _aP86
526 _aP85
526 _aP77
526 _aP76
526 _aP35
650 0 4 _aJudaísmo
_xHistoria
_yEpoca postexílica, 585 a.C. - 210 d. C.
942 _2ddc
_cBOOK
949 _a269.09014 S21
_wDEWEY
_c1
_i49501
_lCCODEBUL1
_mBUL
_r0
_sY
_tBOOK
_u2015-6-24
_xTEOLOGIA
_PP35
_0COMPRA
_o.STAFF. Colección General
994 _aC0
_bPEPRU
596 _a1
999 _a269.09014 S21
_wDEWEY
_c30333
_i49501
_d30333
_f2021-11-10
_g5
_lCCODEBUL1
_mBUL
_q1
_r0
_sY
_tBOOK
_u2015-6-24
_xTEOLOGIA
_PP35
_0COMPRA
_o.STAFF. Colección General
980 _81
_gALBERTO SANCHEZ Responsable de Automatización